00460nam a2200133Ia 4500008004100000100002100041245008200062245005200144260004900196260000900245300001100254650001300265856004800278170221s9999 xx 000 0 und d aGeorge R. Wilson 4aThe effect of real earnings management on the information content of earnings cGeorge R. Wilson, Northern Michigan University. bJournal of Management and Marketing Research c2012 a10 : 3 xBusiness uhttp://www.aabri.com/manuscripts/152160.pdf